LEADER 01183nam a2200301 a 4500 001 000000126610 003 CaOOAMICUS 005 20111021171300.0 008 111021s2010 it a u000 u ita r 020 $a978-88-430-5571-5 040 $aPUL$bita 082 04$a035 100 1 $aAndina, Tiziana.$0(OLS)http://pul/name/80707 245 10$aArthur Danto: un filosofo pop /$cTiziana Andina. 260 $aRoma :$bCarocci,$c©2010. 300 $a141 p. :$bill. ;$c22 cm. 490 1 $aQuality paperbacks ;$v328 504 $aComprende bibliografia ed indice. 600 14$aDanto, Arthur.$0(OLS)http://pul/subject/38271 830 0$aQuality paperbacks (Carocci) ;$v328.$0(OLS)http://pul/title/103487 850 $aPUL 852 $aPUL$W1$xDP2 Cons. Gen., Altre Classi 3$y97$m035 COLL 1. 328$j146394$qDDC 21$B145104$CPULBib$Z2$F145104 $H116404 $82 941 1 $a9 996 $6020$a978-88-430-5571-5$9(OLS)http://pul/number/148191 996 $6082$a035$9(OLS)http://pul/classification/471 996 $6245$aArthur Danto: un filosofo pop$9(OLS)http://pul/title/159923 996 $6260$aRoma :$bCarocci$9(OLS)http://pul/publisher/66917 LEADER 01353nam a2200337 a 4500 001 000000130953 003 CaOOAMICUS 005 20121012101555.0 008 121012s1995 it u000 u ita r 020 $a88-15-05057-4 040 $aPUL$bita 041 1 $aita$heng 100 1 $aBerger, Peter L.,$d1929-2017.$0(OLS)http://pul/name/8329 240 10$aRumor of Angels.$lItaliano.$0(OLS)http://pul/title/74495 245 13$aIl brusio degli angeli :$bil sacro nella societą contemporanea /$cPeter L. Berger. 250 $aNuova ed. 260 $aMilano :$bIl Mulino,$c1995. 300 $a133 p. ;$c22 cm 490 1 $aIntersezioni ;$v146 500 $aAlla memoria di Frederick Neumann 1899-1967. 504 $aBibliografia in nota. 650 4$aSociologia e religione.$0(OLS)http://pul/subject/15539 830 0$aIntersezioni (Il Mulino) ;$v146.$0(OLS)http://pul/title/12445 850 $aPUL 852 $aPUL$W1$xDP1 Fondo E. Rossi$y115$m1 B 62$j151330$qFondi$B150120$CPULBib$Z2$F150120 $82 941 1 $a1 961 $aSul dorso collocazione ms. di E. Rossi: B 42 2 996 $6020$a88-15-05057-4$9(OLS)http://pul/number/150893 996 $6245$aIl brusio degli angeli :$bil sacro nella societą contemporanea$9(OLS)http://pul/title/165501 996 $6260$aMilano :$bIl Mulino$9(OLS)http://pul/publisher/60408